LEADER 02104nam0 22004933i 450 001 VAN0276627 005 20240603120410.907 017 70$2N$a9783031087059 100 $a20240603d2022 |0itac50 ba 101 $aeng 102 $aCH 105 $a|||| ||||| 200 1 $aMirzakhani?s Curve Counting and Geodesic Currents$fViveka Erlandsson, Juan Souto 210 $aCham$cBirkhäuser$cSpringer$d2022 215 $axii, 226 p.$cill.$d24 cm 410 1$1001VAN0029329$12001 $aProgress in mathematics$1210 $aBoston [etc.]$cBirkhäuser$v345 610 $aCounting closed geodesics$9KW:K 610 $aDynamics induced by group actions$9KW:K 610 $aGeodesic currents$9KW:K 610 $aGeodesic currents of cusped surfaces$9KW:K 610 $aGeometric structures on surfaces$9KW:K 610 $aImmersed train track$9KW:K 610 $aMapping class group$9KW:K 610 $aMirzakhani curve counting$9KW:K 610 $aMirzakhani curve counting for non-simple curves$9KW:K 610 $aRandom pants decomposition$9KW:K 610 $aSquare-tiled surfaces$9KW:K 610 $aStatistics of simple curves$9KW:K 610 $aTeichmüller space$9KW:K 610 $aThurston measure$9KW:K 610 $aTrain tracks hyperbolic surfaces$9KW:K 620 $aCH$dCham$3VANL001889 700 1$aErlandsson$bViveka$3VANV229365$01258335 701 1$aSouto$bJuan$3VANV229366$01738592 712 $aBirkhäuser $3VANV108193$4650 712 $aSpringer $3VANV108073$4650 801 $aIT$bSOL$c20240614$gRICA 856 4 $uhttps://doi.org/10.1007/978-3-031-08705-9$zE-book ? Accesso al full-text attraverso riconoscimento IP di Ateneo, proxy e/o Shibboleth 899 $aBIBLIOTECA DEL DIPARTIMENTO DI MATEMATICA E FISICA$1IT-CE0120$2VAN08 912 $fN 912 $aVAN0276627 950 $aBIBLIOTECA DEL DIPARTIMENTO DI MATEMATICA E FISICA$d08CONS e-Book 8604 $e08eMF8604 20240605 996 $aMirzakhani?s Curve Counting and Geodesic Currents$94160999 997 $aUNICAMPANIA LEADER 02184oas 2200637 a 450 001 9910894319203321 005 20260218112455.0 035 $a(DE-599)ZDB2769214-0 035 $a(OCoLC)610474648 035 $a(CONSER) 2011250533 035 $a(CKB)2670000000006355 035 $a(DE-599)2769214-0 035 $a(EXLCZ)992670000000006355 100 $a20100426a200u9999 uy 101 0 $aspa 135 $aur||||||||||| 181 $ctxt$2rdacontent 182 $cc$2rdamedia 183 $acr$2rdacarrier 200 00$aCONHISREMI 210 $a[Venezuela] $cInstituto Universitario de Tecnologi?a Toma?s Lander 215 $a1 online resource 300 $aRefereed/Peer-reviewed 300 $a"Revista Universitaria Arbitrada de Investigacio?n y Dia?logo Acade?mico." 311 08$a1690-7760 517 1 $aRevista CONHISREMI 606 $aSocial sciences$xResearch$zVenezuela$vPeriodicals 606 $aEducation$xResearch$zVenezuela$vPeriodicals 606 $aTechnology$xResearch$zVenezuela$vPeriodicals 606 $aEducation$xResearch$2fast$3(OCoLC)fst00902743 606 $aSocial sciences$xResearch$2fast$3(OCoLC)fst01122944 606 $aTechnology$xResearch$2fast$3(OCoLC)fst01145190 607 $aVenezuela$2fast$1https://id.oclc.org/worldcat/entity/E39PBJmDpj4Bm8XF33tDc3kxDq 608 $aPeriodicals.$2fast 615 0$aSocial sciences$xResearch 615 0$aEducation$xResearch 615 0$aTechnology$xResearch 615 7$aEducation$xResearch. 615 7$aSocial sciences$xResearch. 615 7$aTechnology$xResearch. 712 02$aSociedad Mirandina para la Investigacio?n en Educacio?n y Ciencias Sociales. 712 02$aInstituto Pedago?gico de Miranda "Jose? Manuel Siso Marti?nez." 712 02$aInstituto Universitario de Tecnologi?a "Toma?s Lander".$bEscuela Iberoamericana Cooperativa de Estudios Avanzados. 801 0$bSHS 801 1$bSHS 801 2$bBUF 801 2$bOCLCA 801 2$bCUS 801 2$bOCLCF 801 2$bOCLCQ 801 2$bCUS 801 2$bOCLCL 906 $aJOURNAL 912 $a9910894319203321 996 $aCONHISREMI$94251797 997 $aUNINA